| 000 | 00869 a2200205 4500 | ||
|---|---|---|---|
| 001 | 55433 | ||
| 005 | 20260407155828.0 | ||
| 008 | 260407a1946 arg spa d | ||
| 003 | AR-UNSa-BCEJYS | ||
| 040 |
_aAR-UNSa-BCEJYS _bspa _cAR-UNSa-BCEJYS |
||
| 080 |
_a001.1 _xConceptos de la ciencia y del conocimiento |
||
| 245 | 1 | 0 | _aÚltimos pensamientos |
| 264 | 1 |
_aBuenos Aires : _bEspasa-Calpe Argentina _c1946 |
|
| 300 |
_a163 p. _c18 cm. |
||
| 505 | _a1. La evolución de las leyes - 2. El espacio y el tiempo - 3. ¿Por qué el espacio tiene tres dimensiones? - 4. La lógica de lo infinito - 5. La matemática y la lógica - 6. La hipótesis de los cuantos - 7. Las relaciones de la materia y el éter - 8. La moral y la ciencia - 9. La unión moral | ||
| 041 | _aspa | ||
| 942 | _cBK | ||
| 590 | _aniveau_biblio:m niveau_hierar:0 | ||
| 100 | 1 | _aPoincare, Jules Henri | |
| 999 |
_c5955 _d5955 |
||